000 00576nam a22001817a 4500
003 OSt
005 20180116183001.0
008 150112b xxu||||| |||| 00| 0 eng d
020 _a9781784151089
040 _a0
_b0
_c0
082 _a658.15 CIMA 2014
110 _aKaplan Financial Limited
245 _aFundamental of Management Accounting
_bCIMA official Study Text Paper C01 2 Vol Set
_cKaplan Financial Limited
260 _aUK
_bKaplan Publishing UK
_c2014
440 _aFundamental of Management Accounting
610 _aKaplan Financial Limited
942 _2ddc
_cBK
999 _c349841
_d349841